000 01256cam a2200325 a 4500
999 _c17461
_d17461
001 2618851
005 20161126111421.0
008 980217s1998 paua bc 000 0 eng
010 _a 98084541
020 _a0764305166
040 _aDLC
_cDLC
_dDLC
050 0 0 _aNK4890.N43
_bE88 1998
100 1 _aEttinger, Roseann.
245 1 0 _aPopular and collectible neckties :
_b1955 to the present /
_cRoseann Ettinger.
246 3 0 _aNeckties
260 _aAtglen, PA :
_bSchiffer Pub. Ltd.,
_cc1998.
300 _a[160] p. :
_bcol. ill. ;
_c28 cm.
440 2 _aA Schiffer book for collectors
500 _a"With price guide"--Cover.
504 _aIncludes bibliographical references (p. [159]) and index.
650 0 _aNeckties
_xCollectors and collecting
_xCatalogs.
650 0 _aNeckties
_xHistory
_y20th century
_xCatalogs.
942 _2lcc
_cBOOKS
_hNK4890.N43 E88 1998